000 00293nam a22001337a 4500
008 170216b xxu||||| |||| 00| 0 eng d
020 _a9780781761987
041 _aeng
080 _29TH
_a61
100 _a4
101 _aSHM
245 _aCLINICAL HYPERTENSION
_cKAPLAN, N.M
942 _2udc
_cBK
999 _c5626
_d5626